| 000 | 00574nam a2200181 a 4500 | ||
|---|---|---|---|
| 005 | 20140310183157.0 | ||
| 008 | 021014s19uu xx 00 eng d | ||
| 050 |
_aQA 76.73.C153 _b.G545 1998 |
||
| 100 | _aGilberg, Richard F. | ||
| 245 |
_aData structures : _ba pseudocode approach with C / _cRichard F. Gilberg. |
||
| 260 |
_aPacific Grove, CA : _b Brooks/Cole, _c1998. |
||
| 300 |
_a671 p. : _bill. ; _c24 cm |
||
| 521 | _aIT | ||
| 546 | _aC1259 | ||
| 650 | _aC ( computer program language ) | ||
| 650 | _aData structures ( computer science ) | ||
| 942 |
_cBK _2lcc _kFOR |
||
| 999 |
_c19795 _d19795 |
||